<?xml version="1.0" encoding="UTF-8"?>
<marc:record xmlns:marc="http://www.loc.gov/MARC21/slim">
   <marc:leader>00000nam a2200000 a 4500</marc:leader>
   <marc:datafield ind1="1" ind2=" " tag="100">
      <marc:subfield code="a">Lake, A. J.</marc:subfield>
      <marc:subfield code="4">aut</marc:subfield>
      <marc:subfield code="e">Verfasser/-in</marc:subfield>
   </marc:datafield>
   <marc:datafield ind1="0" ind2="0" tag="245">
      <marc:subfield code="a">Chroniken der Dunkelheit</marc:subfield>
   </marc:datafield>
   <marc:datafield ind1="0" ind2="0" tag="245">
      <marc:subfield code="c">A. J. Lake. Aus dem Engl. von Wolfram Ströle</marc:subfield>
   </marc:datafield>
   <marc:datafield ind1=" " ind2="1" tag="264">
      <marc:subfield code="a">Ravensburg</marc:subfield>
      <marc:subfield code="b">Ravensburger Buchverl.</marc:subfield>
      <marc:subfield code="c">2008</marc:subfield>
   </marc:datafield>
   <marc:datafield ind1="1" ind2=" " tag="520">
      <marc:subfield code="a">Angaben aus der Verlagsmeldung

Chroniken der Dunkelheit 2: Kristallschwert Chronicles of Ancient Darkness: The Book of the Sword / von A J Lake

Ein Drache verschleppt Elsa und Adrian in den eisigen Norden. Kaum sind sie seinen Klauen entronnen, will Elsa weiterziehen, ins Reich des Feuerdämons Loki. Denn das Kristallschwert hat sie gerufen und Elsa muss ihm folgen. So machen sich die beiden Freunde auf zu jenem Ort, den sonst keiner zu betreten wagt: dem Feuerberg. Dort wurde das Schwert geschmiedet, dort wird sich seine geheime Macht enthüllen.
</marc:subfield>
   </marc:datafield>
   <marc:datafield ind1=" " ind2=" " tag="020">
      <marc:subfield code="a">9783473347339</marc:subfield>
      <marc:subfield code="9">9783473347339</marc:subfield>
   </marc:datafield>
   <marc:datafield ind1=" " ind2=" " tag="041">
      <marc:subfield code="a">ger</marc:subfield>
   </marc:datafield>
   <marc:datafield ind1=" " ind2=" " tag="300">
      <marc:subfield code="a">285 S.</marc:subfield>
   </marc:datafield>
</marc:record>
